000 00363 a2200157 4500
001 154460
040 _cEscola São Tomás de Aquino
100 _aBELINKY, Tatiana
240 1 0 _aA operação do tio Onofre
_lpor
245 1 0 _aA operação do tio Onofre
300 _a23
362 0 _a2008
440 1 _aÁtica
697 _a*LITERATURA INFANTO
942 _cBK
999 _c154460
_d154460